Recits, contes et poemes du moyen age

Guardat en:
Dades bibliogràfiques
Autors principals: Praud, A (Autor), Raynaud de Lage, G (Autor)
Format: Llibre
Idioma:francès
Publicat: París Librarie Classique Eugene Belin 1951
Col·lecció:Collection Classe de francais
Matèries:
Etiquetes: Afegir etiqueta
Sense etiquetes, Sigues el primer a etiquetar aquest registre!

MARC

LEADER 00000nam a2200000 a 4500
001 UCY6770
003 CL-VaPUC
008 950602e19510000FR |||||||||||||||||fre|d
082 0 4 |a 841.09  |b PRA  |2 21 
100 0 |a Praud, A  |e author  |9 336823 
700 0 |a Raynaud de Lage, G  |e author  |9 336824 
245 1 0 |a Recits, contes et poemes du moyen age 
246 1 0 |a Vie et moeurs medievales 
300 |a 253 p 
942 |c BK 
945 |d 19950602 00:00:00  |a rbrito 
260 |a París  |b Librarie Classique Eugene Belin  |c 1951 
650 0 |a Poesía francesa  |9 264947 
650 0 |a Edad media  |9 258041 
650 7 |a LAS CRUZADAS  |2 CL-VaPUC  |9 336825 
583 |a last modification  |c 19950602 00:00:00  |k Rodrigo Vera 
490 0 |a Collection Classe de francais 
999 |c 234284  |d 234282 
952 |0 0  |1 0  |4 0  |6 841_090000000000000_PRA_1951  |7 0  |8 A  |9 240389  |a BIBART  |b BIBART  |d 2019-11-18  |i 2003104  |o 841.09 PRA 1951  |p 2003104  |r 2025-03-13  |w 2019-11-18  |y BK  |k ART